00405nam a2200157Ia 4500003000400000008004100004040001600045082001300061100002100074245005000095260003100145300001000176490002400186650001500210650002200225GCL140319s9999 xx 000 0 eng d aGCL / cGCL04a843bC J1 aCLUNY, CLAUDE M.10aUN JEUNE HOMME DE VENISE / cCLUNY, CLAUDE M. a[S.N] : bDENOEL ، c1983 a210 P aCOLLECTION FOLIOv004aLITERATURE04aFRENCH LITERATURE